Normal view
MARC view
Entry Término temático
001 - NÚMERO DE CONTROL
- campo de control: 139242
003 - IDENTIFICADOR DEL NÚMERO DE CONTROL
- campo de control: OSt
005 - FECHA Y HORA DE LA ÚLTIMA TRANSACCIÓN
- campo de control: 20220127155913.0
008 - DATOS DE LONGITUD FIJA
- campo de control de longitud fija: 220127|| aca||aabn | a|a d
040 ## - FUENTE DE LA CATALOGACIÓN
- Centro catalogador/agencia de origen: OSt
- Centro/agencia transcriptor: OSt
150 ## - ENCABEZAMIENTO--TÉRMINO DE MATERIA
- Término de materia o nombre geográfico como elemento de entrada: Puebla
- Subdivisión general: Pastos
670 ## - FUENTE DE DATOS ENCONTRADOS
- Cita de la fuente: Work cat.: (OSt)165301: Joaquín Torres, Bertín Maurilio 61727, Efecto de la fertilización nitrogenada y fosfórica sobre la producción de semilla en los pastos Buffel (Cenchrus ciliaris L.) y Llanero (Andropogon gayanus Kunth) a diferentes niveles de N y P, en Tehuitzingo, Puebla /, 1994
